00943nam a2200229Ia 450000100060000000800390000602000220004508200120006710000290007924501230010825000220023126000390025330000180029265300130031065300240032365300310034765300160037894200120039495201510040695201390055799900170069661952170513n ii |||gr||||Z||||||465 a978-81-237-3998-4 a891.413 aBordoloi, Nirmal Prabha. 0aAsamiya Galpa Sankalan :bAnthology of Assamese Short Stories /cEdited by Nirmal Prabha Bordoloi .hTextual Documents a3rd rev enlg edn. aDelhibNational book Trust,c2009. a278pg:c23cm. aAssamese aAssamese Literature aAssamese--- Galpa Sankalan aG--Assamese 2ddccBK 001040708General aSKBLbSKBLcG-Assamesed2017-05-13g85.00l1o891.413 Bo 236 Asp597/libr2026-03-09 16:28:21s2026-02-24t2w2017-05-13yBK 001040708General aSKBLbSKBLcG-Assamesed2017-05-13g85.00l0o891.413 Bo 236 Asp594/libr2024-01-14 00:00:00t1w2017-05-13yBK c63060d63060